<?xml version="1.0" encoding="UTF-8"?>
<record
    xmlns:xsi="http://www.w3.org/2001/XMLSchema-instance"
    xsi:schemaLocation="http://www.loc.gov/MARC21/slim http://www.loc.gov/standards/marcxml/schema/MARC21slim.xsd"
    xmlns="http://www.loc.gov/MARC21/slim">

  <leader>00855nam a22002293i 4500</leader>
  <controlfield tag="001">81665</controlfield>
  <controlfield tag="003">BD-RjUL</controlfield>
  <controlfield tag="005">20230810125420.0</controlfield>
  <controlfield tag="008">230309s1970    pk            ||| | ara d</controlfield>
  <datafield tag="035" ind1=" " ind2=" ">
    <subfield code="a">(BD-RjUL)81665</subfield>
  </datafield>
  <datafield tag="040" ind1=" " ind2=" ">
    <subfield code="a">UkOxU</subfield>
    <subfield code="b">eng</subfield>
    <subfield code="e">rda</subfield>
    <subfield code="c">UkOxU</subfield>
  </datafield>
  <datafield tag="041" ind1=" " ind2=" ">
    <subfield code="a">eng</subfield>
  </datafield>
  <datafield tag="082" ind1=" " ind2=" ">
    <subfield code="a">297.12541</subfield>
    <subfield code="b">BUK 1970</subfield>
  </datafield>
  <datafield tag="245" ind1="0" ind2="0">
    <subfield code="a">&#x645;&#x642;&#x62F;&#x645;&#x629;  &#x635;&#x62D;&#x64A;&#x62D; &#x627;&#x644;&#x628;&#x62E;&#x627;&#x631;&#x64A; /  Muqaddimat  &#x1E63;a&#x1E25;&#x12B;&#x1E25; al-Bukh&#x101;r&#x12B; /</subfield>
    <subfield code="c">&#x2BB;Abd al-Ra&#x1E25;m&#x101;n al-M&#x12B;naw&#x12B; ; &#x1E25;arrarahu Ab&#x16B; Sa&#x2BB;&#x12B;d Kul A&#x1E25;mad M&#x12B;naw&#x12B;.</subfield>
  </datafield>
  <datafield tag="264" ind1=" " ind2="1">
    <subfield code="a">Bish&#x101;war :</subfield>
    <subfield code="b">Bris Bish&#x101;war,</subfield>
    <subfield code="c">[1970]</subfield>
  </datafield>
  <datafield tag="300" ind1=" " ind2=" ">
    <subfield code="a">562 pages ;</subfield>
    <subfield code="c">32 cm</subfield>
  </datafield>
  <datafield tag="336" ind1=" " ind2=" ">
    <subfield code="a">text</subfield>
    <subfield code="2">rdacontent</subfield>
  </datafield>
  <datafield tag="650" ind1=" " ind2=" ">
    <subfield code="v">Hadith</subfield>
  </datafield>
  <datafield tag="880" ind1="0" ind2="0">
    <subfield code="a">&#x645;&#x642;&#x62F;&#x645;&#x629;  &#x635;&#x62D;&#x64A;&#x62D; &#x627;&#x644;&#x628;&#x62E;&#x627;&#x631;&#x64A; /</subfield>
    <subfield code="c">&#x639;&#x628;&#x62F; &#x627;&#x644;&#x631;&#x62D;&#x645;&#x646; &#x627;&#x644;&#x645;&#x64A;&#x646;&#x648;&#x64A; ; &#x62D;&#x631;&#x631;&#x647; &#x623;&#x628;&#x648; &#x633;&#x639;&#x64A;&#x62F; &#x643;&#x644; &#x623;&#x62D;&#x645;&#x62F; &#x627;&#x644;&#x645;&#x64A;&#x646;&#x648;&#x64A;.</subfield>
  </datafield>
  <datafield tag="880" ind1=" " ind2="1">
    <subfield code="a">&#x628;&#x64A;&#x634;&#x627;&#x648;&#x631; :</subfield>
    <subfield code="b">&#x628;&#x631;&#x64A;&#x633; &#x628;&#x64A;&#x634;&#x627;&#x648;&#x631;,</subfield>
    <subfield code="c">[1970]</subfield>
  </datafield>
  <datafield tag="942" ind1=" " ind2=" ">
    <subfield code="2">ddc</subfield>
    <subfield code="c">BK</subfield>
  </datafield>
  <datafield tag="999" ind1=" " ind2=" ">
    <subfield code="c">81665</subfield>
    <subfield code="d">81665</subfield>
  </datafield>
  <datafield tag="952" ind1=" " ind2=" ">
    <subfield code="0">0</subfield>
    <subfield code="1">0</subfield>
    <subfield code="2">ddc</subfield>
    <subfield code="4">0</subfield>
    <subfield code="7">1</subfield>
    <subfield code="8">NFIC</subfield>
    <subfield code="a">RUCL</subfield>
    <subfield code="b">RUCL</subfield>
    <subfield code="c">Reading</subfield>
    <subfield code="d">2023-08-10</subfield>
    <subfield code="e">mawlana A.K.M. husain , basudevepur , Rajshahi.</subfield>
    <subfield code="o">A 297.12541 BUK 1970</subfield>
    <subfield code="r">2023-08-10 00:00:00</subfield>
    <subfield code="t">C-1</subfield>
    <subfield code="y">BK</subfield>
  </datafield>
  <datafield tag="952" ind1=" " ind2=" ">
    <subfield code="0">0</subfield>
    <subfield code="1">0</subfield>
    <subfield code="2">ddc</subfield>
    <subfield code="4">0</subfield>
    <subfield code="7">0</subfield>
    <subfield code="8">NFIC</subfield>
    <subfield code="a">RUCL</subfield>
    <subfield code="b">RUCL</subfield>
    <subfield code="c">GEN</subfield>
    <subfield code="d">2024-12-03</subfield>
    <subfield code="e">Mawlana A.K. Muhammad Husain,      Rajshahi</subfield>
    <subfield code="l">0</subfield>
    <subfield code="o">A 297.12541 BUK 1970</subfield>
    <subfield code="r">2024-12-03 00:00:00</subfield>
    <subfield code="t">C-2</subfield>
    <subfield code="w">2024-12-03</subfield>
    <subfield code="y">BK</subfield>
  </datafield>
</record>
